| 000 | 01485nam a2200337Ia 4500 | ||
|---|---|---|---|
| 005 | 20220317000949.0 | ||
| 008 | 160825s2008 mx a g 000 0 spa | ||
| 020 | _a97896816411012 | ||
| 100 | 1 |
_aOram, Hiawyn _d1946- |
|
| 245 | 1 | 0 |
_aEn el desván _ctexto de Hiawyn Oram ; ilustraciones de Satoshi Kitamura ; traducción Catalina Domínguez ; editor Daniel Goldin |
| 250 |
_a1a. edición _b6a. reimpresión |
||
| 300 |
_a26 páginas _bilustraciones en color _c24 cm |
||
| 490 | _aLos especiales de A la orilla del viento | ||
| 520 | _aNarración simple en la escritura deviene compleja por medio de la imagen; de este modo un relato apenas delineado sugiere a través de la ilustración múltiples relaciones y permite abrir la narración hacia nuevos sentidos | ||
| 534 | _tIn the Attic | ||
| 650 | 1 | 4 |
_2LEMB _aÁlbumes infantiles sur africanos _ySiglo XX |
| 650 | 1 | 4 |
_2LEMB _aLiteratura infantil sur africana _ySiglo XX |
| 650 | 1 | 4 |
_2LEMB _aImaginación en la literatura |
| 650 | 1 | 4 |
_2LEMB _aAnimales en la literatura |
| 650 | 1 | 4 |
_2LEMB _aNiños en la literatura |
| 650 | 1 | 4 |
_2LEMB _aLibros ilustrados para niños |
| 700 | 1 |
_aSatoshi, Kitamura _963723 |
|
| 700 | 1 |
_aDomínguez, Catalina _98120 |
|
| 942 |
_2loc _cBKINF |
||
| 264 |
_aMéxico _bFondo de Cultura Económica _c2008 |
||
| 336 |
_atexto _btxt _2rdacontent |
||
| 337 |
_asin mediación _bn _2rdamedia |
||
| 338 |
_avolumen _bnc _2rdacarrier |
||
| 040 |
_aCO-BoRNBP _bspa _erda _cCO-BoRNBP |
||
| 084 | _aA HIA1 | ||
| 999 |
_c5538 _d5538 |
||